| 000 | 00831pam a2200265 a 4500 | ||
|---|---|---|---|
| 999 |
_c14863 _d14863 |
||
| 001 | 4770349 | ||
| 005 | 20170928140518.0 | ||
| 008 | 860806s1987 njua b 001 0 eng | ||
| 010 | _a 86021182 | ||
| 020 | _a0132863375 (pbk.) | ||
| 040 |
_aDLC _cDLC _dDLC |
||
| 050 | 0 | 0 |
_aHD31 _b.M335 1987 |
| 082 | 0 | 0 |
_a658 _219 _bMAS/ES |
| 100 | 1 |
_aMassie, Joseph L. _92107 |
|
| 245 | 1 | 0 |
_aEssentials of management / _cJoseph L. Massie. |
| 250 | _a4th ed. | ||
| 260 |
_aEnglewood Cliffs, N.J. : _bPrentice-Hall, _cc1987. |
||
| 300 |
_axvi, 301 p. : _bill. ; _c23 cm. |
||
| 440 | 0 |
_aPrentice-Hall essentials of management series _92108 |
|
| 504 | _aIncludes bibliographies and index. | ||
| 650 | 0 |
_aIndustrial management. _92109 |
|
| 650 | 0 |
_aManagement. _92110 |
|
| 906 |
_a7 _bcbc _corignew _d1 _eocip _f19 _gy-gencatlg |
||
| 942 |
_2ddc _cBK |
||